| 000 | 00851nam a2200229 a 4500 | ||
|---|---|---|---|
| 001 | 000794713 | ||
| 003 | AM-YeHGA | ||
| 005 | 20250617161312.0 | ||
| 008 | 110311s1933 |||| |||||||||| | rus c | ||
| 040 | _aAM-YeHGA | ||
| 041 | 1 |
_arus _hlat |
|
| 100 | 1 | _aСветоний Транквилл, Гай | |
| 245 | 1 | 0 |
_aЖизнеописание двенадцати цезарей / _cГай Транквилл Светоний; Пер. с латин. и примеч. Д.П. Кончаловского. |
| 246 | 1 | 5 | _aDe Vita XII |
| 260 |
_aМосква ; _aЛенинград : _bAcademia, _c1933. |
||
| 300 | _a640 с. | ||
| 650 | 1 | 4 | _aИсторическая литература |
| 650 | 1 | 4 |
_aРимская империя _xИстория |
| 700 | 1 |
_aКончаловский, Д. П. _eпер. _4trl |
|
| 942 |
_2udc _cBK |
||
| 090 | _c472259 | ||
| 999 |
_c469015 _d469015 |
||